00513cam a2200193 a 45000010009000000050017000090080041000260100017000670200015000840350021000990400018001200410008001380800016001460820020001621000007001821010008001892450062001975040060002591176770620180123045019.0990721s2000 maua b 001 0 eng  a 99041277  a0205296270 a(DLC) 99041277 aDLCcDLCdDLC aeng a796.14 gle00a796.14 gle2211 a46 aedu10aChildren's games from around the world /cGlenn Kirchner. aIncludes bibliographical references (p. 202) and index.